[Event "Ch Armenia"]
[Site "masterchessopen.com Yerevan (Armenia)"]
[Date "2009.01.21"]
[Round "9"]
[White "Kotanjian Tigran (ARM)"]
[Black "Melkumyan Hrant (ARM)"]
[Result "1-0"]
[WhiteElo "2580"]
[BlackElo "2530"]

1.d4 Nf6 2.c4 e6 3.Nc3 Bb4 4.Qc2 d5 5.cxd5 exd5 6.Bg5 c5 7.dxc5 h6 8.Bh4 g5
9.Bg3 Ne4 10.Bxb8 Qf6 11.Bg3 Nxc3 12.a3 Bf5 13.Qd2 Ba5 14.e3 d4 15.Bb5+ Nxb5
16.Qxa5 a6 17.Nf3 O-O 18.a4 g4 19.Ne5 Na7 20.exd4 Qe6 21.O-O f6 22.d5 Qxd5
23.Rad1 Qb3 24.Nd7 Nc6 25.Qb6 Qxb6 26.cxb6 Rf7 27.Nc5 Re8 28.Rfe1 Rfe7 29.f3
gxf3 30.Nxb7 Re2 31.gxf3 Bh3 32.Rxe2 Rxe2 33.Nd8 Rg2+ 34.Kh1 Rxb2 35.Nxc6 Rxb6
36.Nd4 Rb2 37.Bf4 Ra2 38.Bxh6 Kh7 39.Be3 Rxa4 40.Kg1 Ra2 41.Rd2 Ra1+ 42.Kf2 a5
43.Kg3 Bf1 44.Kf4 Kg6 45.Nf5 Bh3 46.Nh4+ Kf7 47.Rd6 Rb1 48.Ra6 {#r} 1-0

[Event "Ch City (open)"]
[Site "masterchessopen.com Omsk (Russia)"]
[Date "2009.02.25"]
[Round "10"]
[White "Usatchev Sergei (RUS)"]
[Black "Borisov Sergey (RUS)"]
[Result "0-1"]
[WhiteElo "1876"]
[BlackElo "2115"]

1.d4 Nf6 2.c4 e6 3.Nc3 Bb4 4.Qc2 d5 5.cxd5 exd5 6.Bg5 c6 7.Bxf6 Qxf6 8.a3
Bxc3+ 9.Qxc3 O-O 10.e3 Bf5 11.Nf3 Nd7 12.b4 Rfe8 13.Be2 Re6 14.O-O Rae8
15.Rfc1 Be4 16.a4 Qg6 17.Qe1 f5 18.Rc3 f4 19.Rac1 Nb6 20.Qd1 Bxf3 21.Bxf3 fxe3
22.Rxe3 Rxe3 23.fxe3 Rxe3 {#R} 0-1

[Event "Ch Russia (qual)"]
[Site "masterchessopen.com Armavir (Russia)"]
[Round "3"]
[White "Bryzgalin Kirill (RUS)"]
[Black "Shibaev Vitaly (RUS)"]
[Result "1-0"]
[WhiteElo "2495"]
[BlackElo "2148"]

1.d4 Nf6 2.c4 e6 3.Nc3 Bb4 4.Qc2 d5 5.cxd5 exd5 6.Bg5 O-O 7.e3 h6 8.Bh4 b6
9.Nf3 Re8 10.Bd3 Nbd7 11.O-O Bb7 12.Bh7+ Kh8 13.Bf5 Be7 14.Nb5 c5 15.Bg3 Ba6
16.Qa4 Bxb5 17.Qxb5 a6 18.Qc6 Ra7 19.dxc5 bxc5 20.Rfd1 Kg8 21.Ne5 Nb8 22.Qa4
Nh5 23.Rxd5 Qxd5 24.Qxe8+ Bf8 25.Ng6 Qxf5 26.Qxf8+ Kh7 27.Qxb8 {#r} 1-0

[Event "Czech League 2008/09 (krajsky prebor)"]
[Site "masterchessopen.com Czech Republic"]
[Date "2009.03.01"]
[Round "9"]
[White "Pokorny Tomas (CZE)"]
[Black "Trhal Tomas"]
[Result "1-0"]
[WhiteElo "2245"]
[BlackElo "2091"]

1.d4 Nf6 2.c4 e6 3.Nc3 Bb4 4.Qc2 d5 5.cxd5 exd5 6.Bg5 O-O 7.e3 h6 8.Bh4 c5
9.dxc5 Nc6 10.a3 Bxc3+ 11.Qxc3 d4 12.exd4 g5 13.Bg3 Ne4 14.Qe3 Nxd4 15.O-O-O
Nxc5 16.Bc4 Nce6 17.Nf3 {#r} 1-0

[Event "Tournament (amateurs)"]
[Site "masterchessopen.com Barcelona (Spain)"]
[Date "2009.03.10"]
[Round "6"]
[White "Cabello Cabello Jaime (ESP)"]
[Black "Riviere Reynoso Luis (ESP)"]
[Result "1-0"]
[WhiteElo "1839"]
[BlackElo "1804"]

1.d4 Nf6 2.c4 e6 3.Nc3 Bb4 4.Qc2 d5 5.cxd5 exd5 6.Bg5 O-O 7.e3 h6 8.Bh4 c6
9.Bd3 Be6 10.Ne2 Nbd7 11.O-O Qc7 12.f3 Bd6 13.Bg3 Rae8 14.Bxd6 Qxd6 15.Rae1
Kh8 16.Ng3 Qe7 17.e4 Nb6 18.e5 Ng8 19.f4 Qb4 20.Qf2 f6 21.a3 Qe7 22.f5 Bc8
23.e6 Qd6 24.Nce2 Na8 25.Nf4 Ne7 26.Ngh5 Rg8 27.Qg3 Nc7 28.Ng6+ {#r} 1-0

[Event "It (open)"]
[Site "masterchessopen.com San Sebastian (Spain)"]
[Date "2009.04.09"]
[Round "7"]
[White "Herraiz Hidalgo Herminio (ESP)"]
[Black "Djingarova Emilia (BUL)"]
[Result "1-0"]
[WhiteElo "2491"]
[BlackElo "2359"]

1.d4 Nf6 2.c4 e6 3.Nc3 Bb4 4.Qc2 d5 5.cxd5 exd5 6.Bg5 c5 7.dxc5 h6 8.Bh4 g5
9.Bg3 Ne4 10.e3 Qa5 11.Ne2 Bf5 12.Bxb8 Nxc3 13.Qxf5 Nxa2+ 14.Kd1 Qa4+ 15.Qc2
Nc3+ 16.Nxc3 Qxa1+ 17.Kd2 O-O 18.Be5 Rfe8 19.Bd4 Rac8 20.Qh7+ {#r} 1-0

[Event "It \"]
[Site "masterchessopen.com Alushta (Ukraine)"]
[Round "4"]
[White "Truskavetsky Alexandr (UKR)"]
[Black "Khader Sami (JOR)"]
[Result "0-1"]
[WhiteElo "2385"]
[BlackElo "2443"]

1.d4 Nf6 2.c4 e6 3.Nc3 Bb4 4.Qc2 d5 5.cxd5 exd5 6.Nf3 c5 7.e3 O-O 8.Be2 Ne4
9.O-O Bf5 10.Bd3 Bxc3 11.bxc3 c4 12.Bxe4 Bxe4 13.Qd1 Nc6 14.a4 Re8 15.Ba3 Re6
16.Ra2 Rg6 17.Rb2 Rxg2+ 18.Kh1 Qf6 19.Kxg2 Qg5+ 20.Kh1 Qg4 {#R} 0-1

[Event "Ch Bulgaria (team)"]
[Site "masterchessopen.com Sunny Beach (Bulgaria)"]
[Date "2009.05.09"]
[Round "2"]
[White "Grigorov Grigor (BUL)"]
[Black "Drenchev Petar (BUL)"]
[Result "1-0"]
[WhiteElo "2489"]
[BlackElo "2465"]

1.d4 Nf6 2.c4 e6 3.Nc3 Bb4 4.Qc2 d5 5.cxd5 exd5 6.Bg5 h6 7.Bh4 c5 8.Nf3 Nc6
9.dxc5 g5 10.Bg3 Ne4 11.e3 Qa5 12.Nd2 Bf5 13.Bd3 Bxc3 14.bxc3 Nxg3 15.hxg3
Bxd3 16.Qxd3 Qxc5 17.Rb1 O-O-O 18.Qf5+ Kb8 19.Qxf7 b6 20.O-O Ne5 21.Qf5 Rde8
22.Nb3 Qxc3 23.Nd4 Qd3 24.Qf6 Qg6 25.Qxg6 Nxg6 26.Rb5 Ne7 27.a4 h5 28.f4 gxf4
29.exf4 Kb7 30.f5 a6 31.Rb2 Nc6 32.Ne6 Ka7 33.Rc2 Rc8 34.f6 Rhe8 35.Re2 {#r}
1-0

[Event "Memorial Ladislav Rejfire"]
[Site "masterchessopen.com Prague (Czech Republic)"]
[Date "2009.05.26"]
[Round "7"]
[White "Masek Miroslav (CZE)"]
[Black "Sodoma Jan (CZE)"]
[Result "1-0"]
[WhiteElo "2184"]
[BlackElo "2354"]

1.d4 Nf6 2.c4 e6 3.Nc3 Bb4 4.Qc2 d5 5.cxd5 exd5 6.Bg5 c5 7.a3 Bxc3+ 8.bxc3 h6
9.Bxf6 Qxf6 10.e3 Nc6 11.Nf3 O-O 12.Bb5 Bg4 13.Qd1 c4 14.h3 Bh5 15.O-O Nd8
16.g4 Bg6 17.Ne5 Qh4 18.Kh2 a6 19.Bd7 Be4 20.f3 Bh7 21.f4 Qe7 22.Bf5 Bxf5
23.gxf5 Re8 24.Qf3 Qd6 25.Rg1 Kh8 26.Qh5 Re7 27.Rg3 Rc7 28.Rag1 f6 29.Qe8+
{#r} 1-0

[Event "It \"]
[Site "masterchessopen.com Alushta (Ukraine)"]
[Round "11"]
[White "Borsuk Konstantin (UKR)"]
[Black "Vaibhav Suri (IND)"]
[Result "0-1"]
[WhiteElo "2344"]
[BlackElo "2254"]

1.d4 Nf6 2.c4 e6 3.Nc3 Bb4 4.Qc2 d5 5.cxd5 exd5 6.Bg5 h6 7.Bh4 c5 8.Nf3 Nc6
9.e3 cxd4 10.Nxd4 Nxd4 11.exd4 O-O 12.Be2 Be6 13.f3 Rc8 14.O-O Be7 15.Qb3 Qd7
16.Rac1 Rfd8 17.Bd3 Nh5 18.Bxe7 Qxe7 19.Ne2 b6 20.Qd1 Qb4 21.Rb1 Nf4 22.a3 Qd6
23.Ba6 Rc7 24.Nc3 Bh3 25.Rf2 Qg6 26.Qd2 Rxc3 27.Ra1 Bxg2 28.Qxf4 Rxf3 {#R} 0-1

[Event "It (open)"]
[Site "masterchessopen.com Bhubaneswar (India)"]
[Date "2009.06.12"]
[Round "8"]
[White "Drozdovskij Yuri (UKR)"]
[Black "Maheswaran P (IND)"]
[Result "1-0"]
[WhiteElo "2620"]
[BlackElo "2350"]

1.d4 Nf6 2.c4 e6 3.Nc3 Bb4 4.Qc2 d5 5.cxd5 exd5 6.Bg5 c5 7.dxc5 h6 8.Bh4 Nc6
9.e3 g5 10.Bg3 Ne4 11.a3 Qa5 12.Ne2 Bf5 13.Qc1 Nxc5 14.axb4 Nd3+ 15.Kd2 Qxb4
16.Ra4 Qb3 17.Qb1 Bg6 18.Nd4 Nxd4 19.Bxd3 Bxd3 20.Kxd3 Ne6 21.Qa2 Qb6 22.Kc2
Rc8 23.Rd1 Nc5 24.Rad4 Qg6+ 25.Kd2 O-O 26.Ke1 {#r} 1-0

[Event "It (open)"]
[Site "masterchessopen.com Balatonlelle (Hungary)"]
[Date "2009.06.13"]
[Round "1"]
[White "Banusz Tamas (HUN)"]
[Black "Kragelj Igor (SLO)"]
[Result "1-0"]
[WhiteElo "2501"]
[BlackElo "2232"]

1.d4 Nf6 2.c4 e6 3.Nc3 Bb4 4.Qc2 d5 5.cxd5 exd5 6.Bg5 c5 7.a3 Bxc3+ 8.Qxc3 c4
9.g3 O-O 10.Bg2 Be6 11.Nf3 h6 12.Bxf6 Qxf6 13.Ne5 Nc6 14.O-O Nxe5 15.dxe5 Qe7
16.Rad1 Rad8 17.f4 f5 18.exf6 Rxf6 19.Qe3 Qc7 20.Qxa7 Bf7 21.Qd4 Rfd6 22.Rd2
Be6 23.Rfd1 R6d7 24.Bf3 b5 25.e3 Kf8 26.Kg2 Kg8 27.g4 {#r} 1-0

[Event "Memorial J.Capablanca (open)"]
[Site "masterchessopen.com Habana (Cuba)"]
[Date "2009.06.16"]
[Round "8"]
[White "Vera Reynaldo (CUB)"]
[Black "Cori T Deysi (PER)"]
[Result "1-0"]
[WhiteElo "2499"]
[BlackElo "2390"]

1.d4 Nf6 2.c4 e6 3.Nc3 Bb4 4.Qc2 d5 5.cxd5 exd5 6.Bg5 O-O 7.e3 c6 8.Bd3 h6
9.Bh4 Be6 10.Ne2 Nbd7 11.O-O Rc8 12.h3 c5 13.dxc5 Nxc5 14.Rfd1 g5 15.Bg3 Nfe4
16.Be5 Qe7 17.Bxe4 Nxe4 18.Bd4 Rfd8 19.Rac1 Bc5 20.Bxc5 Nxc5 21.Rd4 Rc6
22.Rcd1 Rdc8 23.Qb1 Ne4 24.Nxe4 dxe4 25.Qxe4 Rc2 26.R4d2 Qc5 27.Nc3 Rxd2
28.Rxd2 b5 29.a3 a5 30.Rd4 Kg7 31.Qb7 Qf5 32.Qb6 a4 33.Rd6 Rc5 34.Rd8 Qe5
35.Rb8 h5 36.Qd8 Kg6 37.Qg8+ Kh6 38.Rb6 Rxc3 39.bxc3 Qxc3 40.Qxf7 {#r} 1-0

[Event "Ch Bulgaria (open) (w)"]
[Site "masterchessopen.com Vratsa (Bulgaria)"]
[Date "2009.07.27"]
[Round "4"]
[White "Raeva Elitsa (BUL)"]
[Black "Videnova Iva (BUL)"]
[Result "1-0"]
[WhiteElo "2236"]
[BlackElo "2197"]

1.d4 Nf6 2.c4 e6 3.Nc3 Bb4 4.Qc2 d5 5.cxd5 exd5 6.Bg5 h6 7.Bxf6 Qxf6 8.e3 c6
9.a3 Bxc3+ 10.Qxc3 O-O 11.Nf3 Nd7 12.Rc1 a5 13.Be2 Qd6 14.O-O Re8 15.b4 axb4
16.axb4 Nf6 17.Bd3 Bd7 18.Ra1 Rec8 19.h3 Ne8 20.Bc2 Qf6 21.Rxa8 Rxa8 22.Ra1
Qd8 23.Ne5 Be6 24.f4 Nd6 25.g4 Rxa1+ 26.Qxa1 f5 27.Qb1 Qf6 28.Bd3 g5 29.b5
cxb5 30.Qb4 Nc4 31.Qxb5 Nxe3 32.fxg5 hxg5 33.Qxb7 Qg7 34.Qc6 Qe7 35.gxf5 Bxf5
36.Bxf5 Nxf5 37.Qc8+ Qf8 38.Qe6+ Kg7 39.Qg6+ {#r} 1-0

[Event "It (open)"]
[Site "masterchessopen.com Creon (France)"]
[Date "2009.07.28"]
[Round "2"]
[White "Navrotescu Andreea Cristiana (ROM)"]
[Black "Preux Paul-Olivier (FRA)"]
[Result "0-1"]
[WhiteElo "1847"]
[BlackElo "2256"]

1.d4 Nf6 2.c4 e6 3.Nc3 Bb4 4.Qc2 d5 5.cxd5 exd5 6.Nf3 c5 7.a3 Bxc3+ 8.bxc3 Ne4
9.g3 O-O 10.Bg2 Nc6 11.O-O Qf6 12.Bb2 Bf5 13.Qb3 c4 14.Qd1 g5 15.Nd2 Qg6 16.f3
Nxd2 17.Qxd2 h5 18.e4 dxe4 19.fxe4 Bxe4 20.Bxe4 Qxe4 21.Qxg5+ Qg6 22.Qd5 Rae8
23.Qxc4 Re3 24.Rf2 h4 25.g4 h3 26.Kh1 Qe4+ 27.Kg1 Qxg4+ 28.Kh1 Qe4+ 29.Kg1 Kh8
30.Rd2 Rg8+ 31.Kf1 Qh1+ 32.Kf2 Qf3# 0-1

[Event "It (open)"]
[Site "masterchessopen.com Kavala (Greece)"]
[Date "2009.08.03"]
[Round "4"]
[White "Drenchev Petar (BUL)"]
[Black "Rudolf Anna (HUN)"]
[Result "1-0"]
[WhiteElo "2465"]
[BlackElo "2313"]

1.d4 e6 2.c4 Nf6 3.Nc3 Bb4 4.Qc2 d5 5.cxd5 exd5 6.Bg5 c5 7.dxc5 h6 8.Bh4 g5
9.Bg3 Ne4 10.Bxb8 Qf6 11.Bg3 Nxc3 12.a3 Bf5 13.Qd2 Ba5 14.e3 O-O 15.b4 Ne4
16.Qd4 Qxd4 17.exd4 Rfe8 18.O-O-O Nc3 19.bxa5 Nxd1 20.Kxd1 b6 21.Bb5 Rec8
22.Ba6 Re8 23.Ne2 Re6 24.Bd6 Rd8 25.Ng3 Be4 26.Bc7 Rf8 27.axb6 axb6 28.cxb6
Bxg2 29.Re1 Rc6 30.Bb5 {#r} 1-0

[Event "It (open) (a)"]
[Site "masterchessopen.com Sukhumi (Georgia)"]
[Date "2009.08.11"]
[Round "8"]
[White "Litvinov Yuriy (RUS)"]
[Black "Korchmar Vasiliy (RUS)"]
[Result "0-1"]
[WhiteElo "2307"]
[BlackElo "2163"]

1.d4 Nf6 2.c4 e6 3.Nc3 Bb4 4.Qc2 d5 5.cxd5 exd5 6.a3 Be7 7.Nf3 O-O 8.Bf4 c6
9.h3 Nbd7 10.e3 Re8 11.Bd3 Nf8 12.O-O Ng6 13.Bh2 Bd6 14.Bxd6 Qxd6 15.b4 Bd7
16.Rab1 b5 17.Rfc1 Qe7 18.Bf5 Rac8 19.Ne2 Bxf5 20.Qxf5 Ne4 21.Nc3 Nd6 22.Qg5
f6 23.Qh5 Nc4 24.a4 a6 25.Qf5 Kh8 26.Re1 Rb8 27.axb5 axb5 28.h4 Ra8 29.h5 Nf8
30.e4 Nd6 31.Qf4 dxe4 32.Nxe4 Nxe4 33.Nd2 f5 34.Qxf5 Qf6 35.Qxf6 Nxf6 36.h6 g6
37.Rec1 Re6 38.Nb3 N8d7 39.Na5 Rc8 40.Nb7 Nb6 41.Ra1 Na4 42.Nc5 Nxc5 43.Rxc5
Nd5 {#R} 0-1

[Event "Ch World (team) (w)"]
[Site "masterchessopen.com Ningbo (China)"]
[Date "2009.09.02"]
[Round "1"]
[White "Mkrtchian Lilit (ARM)"]
[Black "Sachdev Tania (IND)"]
[Result "1-0"]
[WhiteElo "2467"]
[BlackElo "2243"]

1.d4 Nf6 2.c4 e6 3.Nc3 Bb4 4.Qc2 d5 5.cxd5 exd5 6.Bg5 h6 7.Bh4 c5 8.dxc5 g5
9.Bg3 Ne4 10.e3 Qa5 11.Ne2 Bf5 12.Be5 O-O 13.Nd4 Nxc3 14.Nxf5 Ne4+ 15.Kd1 Nc6
16.Bd4 b6 17.f3 bxc5 18.fxe4 cxd4 19.Qxc6 Be1 20.Qc2 dxe3 21.Ne7+ Kg7 22.Nc6
{#r} 1-0

[Event "Ch France (team) (nat.2) 2009/10"]
[Site "masterchessopen.com France"]
[Date "2009.10.17"]
[Round "2"]
[White "Doucet Antoine (FRA)"]
[Black "Murie Eric (FRA)"]
[Result "0-1"]
[WhiteElo "1802"]
[BlackElo "2077"]

1.d4 Nf6 2.c4 e6 3.Nc3 Bb4 4.Qc2 d5 5.cxd5 exd5 6.e3 O-O 7.Bd3 Re8 8.Ne2 Nbd7
9.O-O Nf8 10.Qb3 Bd6 11.f3 c5 12.Bb5 Re7 13.Ng3 c4 14.Qd1 Bxg3 15.hxg3 Qd6
16.Kf2 Bf5 17.Ba4 a6 18.Bc2 Bxc2 19.Qxc2 b5 20.b3 Rc8 21.Qf5 Rec7 22.Ne2 cxb3
23.axb3 Rc2 24.Bd2 Ne6 25.Qd3 Qb6 26.Ra5 Ng5 27.Rfa1 Rxd2 28.Qxd2 Nge4+
29.fxe4 Nxe4+ 30.Ke1 Nxd2 31.Kxd2 Qg6 32.R1a2 Qb1 33.Rxa6 Qxb3 34.R6a3 Qb4+
35.Nc3 g6 36.Ra5 Qxc3+ {#R} 0-1

[Event "Memorial M.Chigorin (open)"]
[Site "masterchessopen.com St. Petersburg (Russia)"]
[Date "2009.10.17"]
[Round "2"]
[White "Klimov Sergey (RUS)"]
[Black "Harikrishna P (IND)"]
[Result "1-0"]
[WhiteElo "2501"]
[BlackElo "2679"]

1.d4 Nf6 2.c4 e6 3.Nc3 Bb4 4.Qc2 d5 5.cxd5 exd5 6.Bg5 h6 7.Bh4 c5 8.dxc5 g5
9.Bg3 Ne4 10.e3 Qa5 11.Ne2 Bf5 12.Be5 O-O 13.Nd4 Nxc3 14.Nxf5 Ne4+ 15.Kd1 Nc6
16.Bd6 Rfe8 17.Nxh6+ Kh7 18.Nxf7 Kg7 19.f3 Nf6 20.Nh6 Rxe3 21.Nf5+ Kf7 22.Nxe3
Re8 23.Qd3 Qa4+ 24.Kc1 Ba5 25.Be2 Qd4 26.Ng4 Rxe2 27.Nh6+ Ke8 28.Qxe2+ Kd7
29.Rd1 Qb4 30.a3 {#r} 1-0

[Event "Memorial Edoardo Crespi (open)"]
[Site "masterchessopen.com Milan (Italy)"]
[Date "2009.12.11"]
[Round "8"]
[White "Shishkin Vadim (UKR)"]
[Black "Farago Ivan (HUN)"]
[Result "1-0"]
[WhiteElo "2507"]
[BlackElo "2511"]

1.d4 Nf6 2.c4 e6 3.Nc3 Bb4 4.Qc2 d5 5.cxd5 exd5 6.Bg5 h6 7.Bh4 c5 8.dxc5 Nc6
9.e3 g5 10.Bg3 Ne4 11.a3 Qa5 12.Ne2 Bf5 13.Qc1 Bxc3+ 14.Nxc3 Qxc5 15.Nxe4
Qxc1+ 16.Rxc1 dxe4 17.Rc5 Be6 18.h4 g4 19.h5 O-O 20.Be2 Rac8 21.O-O Rfd8 22.b4
b6 23.Rcc1 Ne7 24.Ba6 Rxc1 25.Rxc1 Nd5 26.Bb7 f6 27.b5 Kf7 28.a4 Re8 29.a5
bxa5 30.Ra1 Nc3 31.Rxa5 Re7 32.Bc6 Ne2+ 33.Kh2 Nxg3 34.Kxg3 Bc8 35.Ra4 f5
36.Rd4 Be6 37.Kf4 Kf6 38.g3 Bf7 39.Rd6+ Re6 40.Rd5 a6 41.Rxf5+ {#r} 1-0

[Event "Ch Slovenia (team)"]
[Site "masterchessopen.com Rogatska Slatina (Slovenia)"]
[Date "2009.12.13"]
[Round "4"]
[White "Jelen Igor (SLO)"]
[Black "Zorko Jure (SLO)"]
[Result "1-0"]
[WhiteElo "2384"]
[BlackElo "2402"]

1.d4 Nf6 2.c4 e6 3.Nc3 Bb4 4.Qc2 d5 5.cxd5 exd5 6.Bg5 h6 7.Bxf6 Qxf6 8.a3 Ba5
9.e3 Be6 10.Qa4+ Nc6 11.b4 Bb6 12.Bb5 O-O 13.Bxc6 bxc6 14.Nge2 a5 15.Qd1 Qe7
16.Rb1 Bf5 17.Rb3 Bc8 18.O-O Ba6 19.Qd2 Bc4 20.Rb2 axb4 21.axb4 Ra3 22.Rfb1
Rfa8 23.Nf4 g5 24.Nd3 f6 25.Ne1 Qh7 26.Nc2 R3a6 27.Rd1 h5 28.Rbb1 Ra2 29.e4
dxe4 30.Nxa2 Rxa2 31.Qc3 Bd3 32.Rbc1 Qf5 33.Rxd3 exd3 34.Qb3+ Qd5 35.Qxd3 Kf8
36.Re1 Ra8 37.Qh7 Bxd4 38.Nxd4 Qe5 39.Rf1 {#r} 1-0

[Event "It \"]
[Site "masterchessopen.com South Padre Island (USA)"]
[Date "2009.12.27"]
[Round "1"]
[White "Ludwig Daniel (USA)"]
[Black "Morales Luis (COL)"]
[Result "1-0"]
[WhiteElo "2461"]
[BlackElo "2039"]

1.d4 e6 2.c4 Nf6 3.Nc3 Bb4 4.Qc2 d5 5.cxd5 exd5 6.Bg5 h6 7.Bh4 g5 8.Bg3 c5
9.e3 Ne4 10.Bd3 Bf5 11.Bxb8 Rxb8 12.Ne2 O-O 13.dxc5 Rc8 14.O-O Rxc5 15.Bxe4
dxe4 16.Qb3 Bxc3 17.Nxc3 Qe7 18.Rfd1 Rfc8 19.Rd4 b5 20.a4 a6 21.axb5 axb5
22.h3 Qe5 23.Qd1 Kg7 24.Ra6 Bg6 25.Rad6 R8c7 26.R4d5 Rxd5 27.Rxd5 Qe8 28.Qd4+
f6 29.Rxb5 Rd7 30.Rd5 Rxd5 31.Nxd5 Qd8 32.b4 Bf7 33.Nc3 Qxd4 34.exd4 f5 35.b5
Be6 36.b6 Bc8 37.Na4 Kf6 38.Nc5 h5 39.b7 Bxb7 40.Nxb7 Ke6 41.Nd8+ Kd5 42.Nf7
Kxd4 43.Nxg5 Kd3 44.Ne6 {#r} 1-0

[Event "Ch City (open)"]
[Site "masterchessopen.com Cheliabinsk (Russia)"]
[Round "4"]
[White "Dyatlov Vadim (RUS)"]
[Black "Subbotin Valery (RUS)"]
[Result "0-1"]
[WhiteElo "1987"]
[BlackElo "2026"]

1.d4 Nf6 2.c4 e6 3.Nc3 Bb4 4.Qc2 d5 5.cxd5 exd5 6.Bg5 c6 7.e3 O-O 8.Nf3 h6
9.Bh4 Be6 10.Bd3 Nbd7 11.a3 Be7 12.O-O Rc8 13.b4 Re8 14.Bg3 Nh5 15.Be5 Bg4
16.Bh7+ Kh8 17.Bf5 Bxf5 18.Qxf5 Nhf6 19.g4 g6 20.Qf4 Bf8 21.g5 hxg5 22.Nxg5
Kg8 23.e4 {#R} 0-1

[Event "It (open) \"]
[Site "masterchessopen.com Hastings (England)"]
[Date "2010.01.03"]
[Round "7"]
[White "Worek Joanna (POL)"]
[Black "Norinkeviciute Rasa (LTU)"]
[Result "1-0"]
[WhiteElo "2274"]
[BlackElo "2028"]

1.d4 Nf6 2.c4 e6 3.Nc3 Bb4 4.Qc2 d5 5.cxd5 exd5 6.Bg5 Nbd7 7.e3 c6 8.Bd3 O-O
9.Bxh7+ Kh8 10.Bd3 Re8 11.Ne2 Nf8 12.O-O Qd6 13.Bf4 Qe6 14.Ng3 Qd7 15.Bf5 Ne6
16.Be5 Qe7 17.Qe2 Ng8 18.Qh5+ Nh6 19.Qxh6+ {#r} 1-0

[Event "Ch England (team) 2009/10"]
[Site "masterchessopen.com England"]
[Date "2010.01.16"]
[Round "3"]
[White "Dearing Eddie (SCO)"]
[Black "Gordon Stephen J (ENG)"]
[Result "0-1"]
[WhiteElo "2412"]
[BlackElo "2528"]

1.d4 Nf6 2.c4 e6 3.Nc3 Bb4 4.Qc2 d5 5.cxd5 exd5 6.Bg5 c5 7.dxc5 h6 8.Bh4 g5
9.Bg3 Ne4 10.e3 Qa5 11.Ne2 Bf5 12.Be5 O-O 13.Nd4 Nxc3 14.Nxf5 Ne4+ 15.Kd1 Nc6
16.Bd4 Rfe8 17.Bd3 Rac8 18.Bxe4 Nxd4 19.exd4 Rxe4 20.Qd3 Rce8 21.Ng3 R4e6
22.a3 Qa4+ 23.b3 Qa5 24.Kc2 Bxc5 25.dxc5 Qxc5+ 26.Kd1 Qxf2 27.Qd2 Qb6 28.b4
Qa6 29.a4 Re3 30.b5 Qg6 31.Kc1 Rc8+ 32.Kb2 Qf6+ 33.Ka2 Rcc3 34.Qb2 d4 35.Rac1
Qe6+ 36.Ka1 Ra3+ 37.Kb1 Rab3 {#R} 0-1

[Event "Tournament (open)"]
[Site "masterchessopen.com Novosibirsk (Russia)"]
[Date "2010.04.12"]
[Round "10"]
[White "Glazkov Leonid"]
[Black "Popov Eugeny V (RUS)"]
[Result "1-0"]
[WhiteElo "1986"]
[BlackElo "1996"]

1.d4 Nf6 2.c4 e6 3.Nc3 Bb4 4.Qc2 d5 5.cxd5 exd5 6.Bg5 c5 7.a3 Bxc3+ 8.bxc3 c4
9.e4 dxe4 10.Bxf6 Qxf6 11.Qxe4+ Qe6 12.Qxe6+ Bxe6 13.Rb1 b6 14.Nf3 Nc6 15.Be2
Kd7 16.O-O Kc7 17.Nd2 Na5 18.Bf3 Rad8 19.Rfe1 a6 20.Re5 Nc6 21.Re3 Ne7 22.Rbe1
Nd5 23.Bxd5 Bxd5 24.f3 Rd7 25.Kf2 Kc6 26.Rb1 b5 27.Ne4 a5 28.Nc5 Ra7 29.Re2
Rb8 30.Reb2 b4 31.axb4 axb4 32.cxb4 Kb5 33.Ne4 Ra3 34.Rc1 Rd3 35.Nc3+ Kc6
36.b5+ Kd6 37.Ra2 Rxd4 38.Ra6+ Kc5 39.Ra2 Rd3 40.Ra4 Rxc3 41.Rxc3 Kd4 42.Rb3
Bc6 43.Rab4 Kc5 44.bxc6 {#r} 1-0

[Event "It (open)"]
[Site "masterchessopen.com Mesa (USA)"]
[Date "2010.06.05"]
[Round "3"]
[White "Holt Conrad (USA)"]
[Black "Sedlak Nikola (SRB)"]
[Result "1-0"]
[WhiteElo "2403"]
[BlackElo "2550"]

1.d4 Nf6 2.c4 e6 3.Nc3 Bb4 4.Qc2 d5 5.cxd5 exd5 6.Bg5 c5 7.dxc5 Nc6 8.e3 Be6
9.Ne2 h6 10.Bxf6 Qxf6 11.a3 Bxc5 12.Rd1 Bb6 13.Nxd5 Bxd5 14.Rxd5 O-O 15.Nc3
Ne7 16.Rb5 a6 17.Rb3 Ba5 18.Be2 b5 19.O-O Qe6 20.a4 b4 21.Nb1 Rac8 22.Qd1 Rc5
23.Rd3 Rfc8 24.Nd2 Bc7 25.Nb3 Rg5 26.g3 Qf6 27.f4 Rg6 28.Bh5 Bb6 29.a5 Ba7
30.Rd8+ Kh7 31.Rxc8 Bxe3+ 32.Kh1 Nxc8 33.Qf3 Ba7 34.Nd2 Ne7 35.f5 Rg5 36.Ne4
{#r} 1-0

[Event "It (open)"]
[Site "masterchessopen.com Eforie Nord (Romania)"]
[Date "2010.06.24"]
[Round "8"]
[White "Turova Irina (RUS)"]
[Black "Bida Mihai-Eugen (ROM)"]
[Result "1-0"]
[WhiteElo "2433"]
[BlackElo "2026"]

1.d4 Nf6 2.c4 e6 3.Nc3 Bb4 4.Qc2 d5 5.cxd5 exd5 6.Bg5 h6 7.Bh4 c5 8.Nf3 g5
9.Bg3 Ne4 10.Nd2 Bf5 11.Ndxe4 Bxe4 12.Qd2 Nc6 13.e3 cxd4 14.exd4 Qe7 15.O-O-O
Bxc3 16.bxc3 Qa3+ 17.Qb2 Qxb2+ 18.Kxb2 O-O-O 19.f3 Bg6 20.h4 f6 21.c4 Bf7
22.c5 Bg6 23.Bb5 a6 24.Ba4 Rde8 25.Rd2 f5 26.h5 Bh7 27.Bxc6 bxc6 28.Be5 Rhg8
29.Kc3 f4 30.Rb2 Re7 31.Rb6 Kd7 32.Rxa6 Rc8 33.a4 Ke6 34.a5 Kf5 35.Rb6 Rxe5
36.dxe5 d4+ 37.Kxd4 Rd8+ 38.Kc3 Rd5 39.Rxc6 {#r} 1-0

[Event "It (open)"]
[Site "masterchessopen.com Eforie Nord (Romania)"]
[Date "2010.06.26"]
[Round "3"]
[White "Grigore George-Gabriel (ROM)"]
[Black "Dragomir Laurentiu"]
[Result "1-0"]
[WhiteElo "2532"]
[BlackElo "2100"]

1.d4 Nf6 2.c4 e6 3.Nc3 Bb4 4.Qc2 d5 5.cxd5 exd5 6.Bg5 h6 7.Bxf6 Qxf6 8.a3
Bxc3+ 9.Qxc3 O-O 10.e3 c6 11.Nf3 Nd7 12.Be2 Re8 13.b4 Qd6 14.O-O Nf6 15.Qc5
Ne4 16.Qxd6 Nxd6 17.Nd2 a5 18.Rfc1 axb4 19.axb4 Bd7 20.Nb3 b6 21.Kf1 Ne4
22.Bd3 Ng5 23.b5 Rxa1 24.Rxa1 Rb8 25.Ra7 Be8 26.bxc6 Bxc6 27.Nc1 Ne6 28.Ra6
Nc7 29.Ra2 Nb5 30.Rc2 Bd7 31.Na2 Nd6 32.Nb4 Be6 33.Ke1 Kf8 34.Kd2 Rc8 35.Ra2
Rc7 36.Ra6 Nc8 37.Ra8 Ke7 38.Rb8 Nd6 39.Rxb6 Nc4+ 40.Bxc4 Rxc4 41.f3 f5
42.Nc6+ Kf8 43.Rb8+ {#r} 1-0

[Event "It (open)"]
[Site "masterchessopen.com Marrakesh (Morocco)"]
[Date "2010.06.27"]
[Round "3"]
[White "Cossin Sebastien (FRA)"]
[Black "Njili Kamel (TUN)"]
[Result "1-0"]
[WhiteElo "2508"]
[BlackElo "2295"]

1.d4 Nf6 2.c4 e6 3.Nc3 Bb4 4.Qc2 d5 5.cxd5 exd5 6.Bg5 h6 7.Bh4 c5 8.e3 Nc6
9.Bb5 cxd4 10.exd4 g5 11.Bg3 Qa5 12.Bxc6+ bxc6 13.Be5 Ne4 14.Ne2 O-O 15.f3 Nd6
16.g4 Nc4 17.h4 Nxe5 18.dxe5 Re8 19.hxg5 Rxe5 20.Rxh6 Bxc3+ 21.bxc3 f5 22.gxf6
Re8 23.Rh2 Qc5 24.O-O-O {#r} 1-0